Normal view
MARC view
Entry Topical Term
001 - CONTROL NUMBER
- control field: 16358
003 - CONTROL NUMBER IDENTIFIER
- control field: ARRUPE
005 - DATE AND TIME OF LATEST TRANSACTION
- control field: 20150313150919.0
008 - FIXED-LENGTH DATA ELEMENTS
- fixed length control field: 150313|| aca||aabn | a|a d
040 ## - CATALOGING SOURCE
- Original cataloging agency: ARRUPE
- Transcribing agency: ARRUPE
150 ## - HEADING--TOPICAL TERM
- Topical term or geographic name as entry element: English drama
- Chronological subdivision: 19th century
- General subdivision: History and criticism.
670 ## - SOURCE DATA FOUND
- Source citation: Work cat.: (ARRUPE)0: Taylor, John Russell. 16357, The rise and fall of the well-made play., [1967]